000 00263nam a2200109Ia 4500
008 190914s9999||||xx |||||||||||||| ||und||
100 _aNazeer Choadhary
245 0 _aNamoor Shakhseaat Ki Aap Beetiyan
260 _aLahore
_bHaq
_c2000
300 _a693
942 _cBK
999 _c8955
_d8955